000
00323nam a22001457a 4500
008
210301b ||||| |||| 00| 0 eng d
020
_a
9780465003853
041
_a
eng
080
_a
159.9
082
_a
159.9
100
_a
48
101
_a
PSI
245
_a
Anxiety Disorders and Phobias
_c
Beck, A.T
942
_2
udc
_c
BK
999
_c
55352
_d
55352